Dictionary of Biology / (Record no. 3005)

MARC details
000 -LEADER
fixed length control field 00666nam a2200241 a 4500
001 - CONTROL NUMBER
control field 00009890
008 - FIXED-LENGTH DATA ELEMENTS--GENERAL INFORMATION
fixed length control field 110328s2003 ii a g d 000 0 eng d
020 ## - INTERNATIONAL STANDARD BOOK NUMBER
ISBN 8174732055 :
Terms of availability TK.135.00
040 ## - CATALOGING SOURCE
Original cataloging agency BD-Dh-IUB
Transcribing agency BD-Dh-IUB
082 04 - DEWEY DECIMAL CLASSIFICATION NUMBER
Classification number 570.3
Edition number 19
100 1# - MAIN ENTRY--PERSONAL NAME
Personal name Puja
245 00 - TITLE STATEMENT
Title Dictionary of Biology /
Statement of responsibility, etc Puja, Shubhrata R Mishra
250 ## - EDITION STATEMENT
Edition statement 1st ed.
260 ## - PUBLICATION, DISTRIBUTION, ETC. (IMPRINT)
Place of publication, distribution, etc Delhi :
Name of publisher, distributor, etc AITBS Publishers,
Date of publication, distribution, etc 2003.
300 ## - PHYSICAL DESCRIPTION
Extent 401p. :
Other physical details illus ;
Dimensions 17cm
520 0# - SUMMARY, ETC.
Summary, etc Environment Management
556 ## - INFORMATION ABOUT DOCUMENTATION NOTE
Information about documentation note 2004-11-10
526 ## - STUDY PROGRAM INFORMATION NOTE
Department Life Sciences
650 17 - SUBJECT ADDED ENTRY--TOPICAL TERM
Topical term or geographic name as entry element Biology
Source of heading or term Spines
650 17 - SUBJECT ADDED ENTRY--TOPICAL TERM
Topical term or geographic name as entry element Dictionaries
Source of heading or term Spines
700 1# - ADDED ENTRY--PERSONAL NAME
Personal name Mishra, Shubhrata R
Holdings
Withdrawn status Lost status Source of classification or shelving scheme Damaged status Not for loan Home library Current library Shelving location Date acquired Source of acquisition Cost, normal purchase price Total Checkouts Full call number Barcode Date last seen Copy number Price effective from Koha item type
    Dewey Decimal Classification   Not For Loan Library, Independent University, Bangladesh (IUB) Library, Independent University, Bangladesh (IUB) Reference Stacks 21/04/2011   0.00   570.3 P994d 015290 16/05/2011 1 16/05/2011 Books